[Event "Madurai Athens of the East op 3rd"]
[Site "Madurai"]
[Date "2023.12.27"]
[Round "6"]
[White "Praveen, Kumar C"]
[Black "Balkishan, A."]
[Result "1-0"]
[WhiteElo "2144"]
[BlackElo "1855"]
[PlyCount "91"]
[EventDate "2023.12.23"]
[EventType "swiss"]
[EventRounds "10"]
[EventCountry "IND"]
[SourceTitle "CB06_2024"]
[SourceDate "2024.02.07"]
[SourceVersion "1"]
[SourceVersionDate "2024.02.07"]
[SourceQuality "1"]

1. d4 Nf6 2. Nf3 e6 3. e3 b6 4. Bd3 Bb7 5. 0-0 c5 6. b3 Be7 7. Bb2 0-0 8. c4 cxd4 9. exd4 d5 10. Nbd2 Nbd7 11. Re1 Rc8 12. Rc1 Rc7 13. Qe2 Qa8 14. a3 Re8 15. g3 Bf8 16. Ne5 dxc4 17. Ndxc4 Nxe5 18. dxe5 Bf3 19. Qf1 Nd7 20. Nd6 Rxc1 21. Rxc1 Bxd6 22. exd6 Qd5 23. Bb5 Qxd6 24. Qc4 Rd8 25. Qc3 Ne5 26. Qxe5 Qxe5 27. Bxe5 h6 28. Bf4 g5 29. Be3 f5 30. h4 f4 31. gxf4 gxh4 32. Kh2 Kf7 33. Rc7+ Kf6 34. Rd7 Rg8 35. Bf1 Ra8 36. Bg2 Bxg2 37. Kxg2 Kf5 38. b4 Ke4 39. Kh3 a5 40. b5 Rc8 41. Rd6 Rc3 42. Rxe6+ Kf3 43. f5 Rxa3 44. f6 Ra1 45. Kh2 Rd1 46. f7 1-0

[Event "Chennai Murali Mohan Memorial 2nd"]
[Site "Chennai"]
[Date "2023.07.15"]
[Round "2"]
[White "Abishek, SV."]
[Black "Praveen, Kumar C"]
[Result "0-1"]
[WhiteElo "1222"]
[BlackElo "2090"]
[PlyCount "68"]
[EventDate "2023.07.15"]
[EventType "swiss (rapid)"]
[EventRounds "9"]
[EventCountry "IND"]
[SourceTitle "CBM 215 Extra"]
[Source "ChessBase"]
[SourceDate "2023.09.30"]
[SourceVersion "1"]
[SourceVersionDate "2023.09.30"]
[SourceQuality "1"]

1. e4 e6 2. d4 d5 3. Nc3 Bb4 4. exd5 exd5 5. a3 Be7 6. Nf3 Nf6 7. Be2 0-0 8. 0-0 Bf5 9. Bf4 c6 10. h3 Nbd7 11. Bd3 Bxd3 12. Qxd3 Re8 13. Rfe1 h6 14. Rad1 a5 15. Ne2 Ne4 16. Ng3 Ndf6 17. Be5 Nxg3 18. Bxg3 Ne4 19. Nd2 Nxg3 20. fxg3 Bd6 21. Rxe8+ Qxe8 22. Rf1 Qe7 23. g4 Re8 24. Nf3 Bg3 25. Qf5 Qe3+ 26. Kh1 Re6 27. Ne5 Rf6 28. Qc8+ Kh7 29. Nf3 g6 30. g5 Rxf3 31. gxf3 Qe2 32. Rf2 Qxf2 33. Qh8+ Kxh8 34. gxh6 Qh2# 0-1

[Event "Chennai Murali Mohan Memorial 2nd"]
[Site "Chennai"]
[Date "2023.07.15"]
[Round "1"]
[White "Praveen, Kumar C"]
[Black "Shyam, Sundar D"]
[Result "1-0"]
[WhiteElo "2090"]
[BlackElo "1010"]
[PlyCount "63"]
[EventDate "2023.07.15"]
[EventType "swiss (rapid)"]
[EventRounds "9"]
[EventCountry "IND"]
[SourceTitle "CBM 215 Extra"]
[Source "ChessBase"]
[SourceDate "2023.09.30"]
[SourceVersion "1"]
[SourceVersionDate "2023.09.30"]
[SourceQuality "1"]

1. d4 Nf6 2. c4 g6 3. Nc3 Bg7 4. e4 d6 5. f3 0-0 6. Be3 b6 7. Bd3 Bb7 8. Nge2 c6 9. Qd2 Nbd7 10. 0-0 e5 11. d5 Rc8 12. dxc6 Bxc6 13. Rad1 Qc7 14. Bc2 Ne8 15. b4 Ndf6 16. Bb3 a6 17. Rc1 Bb7 18. Rfd1 Rd8 19. Qe1 Nd7 20. Qf2 f5 21. c5+ Kh8 22. cxb6 Qb8 23. exf5 Rxf5 24. Ng3 Rf8 25. Nge4 Ndf6 26. Nxf6 Rxf6 27. Bg5 Rf8 28. Bxd8 Qxd8 29. Bd5 Bh6 30. Bxb7 Bxc1 31. Rxc1 Qb8 32. Be4 1-0

[Event "Mumbai Wealth op 5th"]
[Site "Mumbai"]
[Date "2020.01.07"]
[Round "9"]
[White "Eraschenkov, Denis"]
[Black "Praveen, Kumar C"]
[Result "1/2-1/2"]
[WhiteElo "2386"]
[BlackElo "2199"]
[PlyCount "126"]
[EventDate "2019.12.30"]
[EventType "swiss"]
[EventRounds "9"]
[EventCountry "IND"]
[SourceTitle "CBM 194 Extra"]
[Source "ChessBase"]
[SourceDate "2020.03.31"]
[SourceVersion "1"]
[SourceVersionDate "2020.03.31"]
[SourceQuality "1"]

1. c4 Nf6 2. Nf3 c6 3. b3 d5 4. Bb2 g6 5. g3 Bg7 6. Bg2 0-0 7. 0-0 a5 8. cxd5 cxd5 9. d3 Nc6 10. Nc3 e5 11. Rc1 d4 12. Na4 Nd5 13. Nd2 Be6 14. a3 Qe7 15. Nc5 Bh6 16. Nxe6 Qxe6 17. Rc5 Nce7 18. Nc4 Rfc8 19. Rxa5 Rxa5 20. Nxa5 b6 21. Nc4 b5 22. Na5 Nc3 23. Qc2 Na4 24. Qb1 Nxb2 25. Qxb2 Rc3 26. b4 Qc8 27. Nb3 Rc2 28. Qa1 Qc3 29. Nc5 Rxe2 30. Bf3 Rc2 31. Qe1 Qxe1 32. Rxe1 f6 33. a4 Rb2 34. axb5 Rxb4 35. Nd7 Rxb5 36. Nxf6+ Kf7 37. Ne4 Ra5 38. Nd6+ Ke6 39. Nc4 Rc5 40. Ra1 Bf8 41. Ra6+ Kf7 42. Ra7 Kg8 43. h4 Nf5 44. Rd7 Ne7 45. Kg2 Kf7 46. Rb7 Kg8 47. Rd7 Kf7 48. Rb7 Kg8 49. Be4 Nf5 50. Rb6 Ne7 51. Bf3 Nf5 52. Bd1 Kg7 53. Bb3 Be7 54. Kf3 Bd8 55. Ra6 Bc7 56. Ke4 Nh6 57. Kf3 Ng8 58. Nd2 Ne7 59. Ne4 Rc6 60. Ra8 Rb6 61. Re8 Nf5 62. Bc4 Rb8 63. Re6 Rb6 1/2-1/2

[Event "Rajkot RCPA op 2nd"]
[Site "Rajkot"]
[Date "2019.08.17"]
[Round "9"]
[White "Praveen, Kumar C"]
[Black "Trivedi Karan, R."]
[Result "1-0"]
[WhiteElo "2205"]
[BlackElo "1886"]
[PlyCount "93"]
[EventDate "2019.08.13"]
[EventType "swiss"]
[EventRounds "10"]
[EventCountry "IND"]
[SourceTitle "EXT 2021"]
[Source "ChessBase"]
[SourceDate "2020.10.23"]
[SourceVersion "1"]
[SourceVersionDate "2020.10.23"]
[SourceQuality "1"]

1. d4 Nf6 2. c4 e6 3. g3 c5 4. d5 e5 5. Nc3 d6 6. Bg2 Be7 7. e4 Nbd7 8. Nf3 0-0 9. 0-0 Kh8 10. Ne1 a6 11. a4 g6 12. Nd3 Nh5 13. f4 Bf6 14. Be3 Re8 15. Qd2 Kg8 16. Bf3 Ng7 17. f5 Nb6 18. b3 gxf5 19. exf5 Bxf5 20. Be4 Bxe4 21. Nxe4 Be7 22. g4 Qc8 23. Qg2 Nd7 24. g5 Qd8 25. Ra2 f5 26. gxf6 Nxf6 27. Ng5 Qd7 28. Ne6 Nfh5 29. Bh6 Bf8 30. Raf2 Rxe6 31. dxe6 Qxe6 32. Qxb7 Re8 33. Qd5 Qxd5 34. cxd5 Ne6 35. Bxf8 Nxf8 36. Rf5 Ng7 37. Rf6 Rd8 38. Rf7 e4 39. Nb2 Ng6 40. Nc4 Nh4 41. Re7 Nf3+ 42. Kg2 Nd4 43. Rxe4 Ngf5 44. Rg4+ Kh8 45. Kh1 h5 46. Rg5 Rf8 47. Ne3 1-0

[Event "Rajkot RCPA op 2nd"]
[Site "Rajkot"]
[Date "2019.08.16"]
[Round "6"]
[White "Praveen, Kumar C"]
[Black "Kamdar, Udit"]
[Result "1-0"]
[WhiteElo "2205"]
[BlackElo "2137"]
[PlyCount "193"]
[EventDate "2019.08.13"]
[EventType "swiss"]
[EventRounds "10"]
[EventCountry "IND"]
[SourceTitle "EXT 2021"]
[Source "ChessBase"]
[SourceDate "2020.10.23"]
[SourceVersion "1"]
[SourceVersionDate "2020.10.23"]
[SourceQuality "1"]

1. d4 c6 2. Nf3 Nf6 3. g3 d5 4. Bg2 Bf5 5. 0-0 h6 6. c4 e6 7. Nc3 Nbd7 8. Nd2 Be7 9. e4 dxe4 10. Ndxe4 0-0 11. Bf4 Nxe4 12. Nxe4 Nf6 13. Nc3 Qb6 14. Na4 Qd8 15. Re1 Rc8 16. h3 b5 17. Nc5 bxc4 18. g4 Bd3 19. Be5 Nd7 20. Nxd3 cxd3 21. Bg3 Qb6 22. Qxd3 Rfd8 23. b3 Bf6 24. Rad1 Qb4 25. Qe4 Nb6 26. Be5 Nd5 27. Rc1 Bg5 28. Rc4 Qa5 29. Qb1 Bd2 30. Rf1 Bb4 31. Qc2 c5 32. a3 Qxa3 33. dxc5 Qa5 34. Bd6 Qb5 35. Rd1 Nf6 36. Bf1 a5 37. h4 Qc6 38. g5 hxg5 39. hxg5 Nh5 40. Bg2 Qe8 41. Bf3 f5 42. Qe2 g6 43. Qe5 Qf7 44. c6 Bxd6 45. Rxd6 Rxd6 46. Qxd6 Ng7 47. c7 Ne8 48. Qd8 Rxc7 49. Rxc7 Qxc7 50. Qxe8+ Kg7 51. Kg2 Qd6 52. Qc6 Qd2 53. Qxe6 Qxg5+ 54. Kf1 Qc1+ 55. Qe1 Qf4 56. Qe3 Qc7 57. Bd5 Qd6 58. Qd4+ Kh6 59. f4 Qa6+ 60. Kf2 Qc8 61. Kg3 Qe8 62. Qe5 Qc8 63. Bc4 Qd8 64. Qd5 Qb6 65. Qe5 Qd8 66. Kf2 Kh7 67. Ke3 Qb6+ 68. Kd3 Qf2 69. Qb8 Qf3+ 70. Kd4 Qf2+ 71. Kc3 Qe3+ 72. Kb2 Qd4+ 73. Ka2 Qc3 74. Qf8 Qc2+ 75. Ka3 Qc1+ 76. Ka4 Qxf4 77. Kxa5 Qc7+ 78. Kb5 Qd7+ 79. Kc5 Qa7+ 80. Kd5 Qe3 81. Kd6 Qd4+ 82. Ke6 f4 83. Qe7+ Kh6 84. Qf6 Qe3+ 85. Qe5 Qb6+ 86. Kf7 Qa7+ 87. Qe7 Qf2 88. Qf8+ Kg5 89. Qd8+ Kh5 90. Qh8+ Kg5 91. Qf6+ Kh5 92. Qxg6+ Kh4 93. Be6 Qa7+ 94. Kg8 Qb8+ 95. Kh7 Qb7+ 96. Kh6 Qf3 97. Qg5# 1-0

[Event "Rajkot RCPA op 2nd"]
[Site "Rajkot"]
[Date "2019.08.15"]
[Round "4"]
[White "Praveen, Kumar C"]
[Black "Dave, Sneh"]
[Result "1-0"]
[WhiteElo "2205"]
[BlackElo "1806"]
[PlyCount "115"]
[EventDate "2019.08.13"]
[EventType "swiss"]
[EventRounds "10"]
[EventCountry "IND"]
[SourceTitle "EXT 2021"]
[Source "ChessBase"]
[SourceDate "2020.10.23"]
[SourceVersion "1"]
[SourceVersionDate "2020.10.23"]
[SourceQuality "1"]

1. d4 Nf6 2. c4 e6 3. g3 d5 4. Nf3 Be7 5. Bg2 0-0 6. 0-0 b6 7. Qc2 Bb7 8. Rd1 dxc4 9. Qxc4 c5 10. Nc3 Qc8 11. Bf4 Nd5 12. Nxd5 Bxd5 13. Qd3 Qb7 14. dxc5 Nd7 15. Ng5 Bxg5 16. Bxd5 Qxd5 17. Qxd5 exd5 18. Bxg5 Nxc5 19. Rxd5 Rfe8 20. Be3 Na4 21. Rd4 b5 22. Rd2 Nb6 23. b3 Rac8 24. Rad1 Rc6 25. Rd6 Rc2 26. R1d2 Rxd2 27. Rxd2 h6 28. Rd6 Nc8 29. Rd7 a6 30. Bc5 g5 31. b4 Kg7 32. Rc7 Kf6 33. Rc6+ Kf5 34. f3 Rxe2 35. Rxc8 Rxa2 36. Rc6 g4 37. fxg4+ Kxg4 38. Rxh6 Kg5 39. Rh4 Rc2 40. Rf4 f5 41. Be3 Kg6 42. Rh4 Re2 43. Rh6+ Kg7 44. Bf4 Ra2 45. Rd6 a5 46. bxa5 Rxa5 47. h4 b4 48. Rb6 b3 49. h5 Ra1+ 50. Kg2 Rb1 51. h6+ Kh7 52. Rb7+ Kg6 53. h7 Rb2+ 54. Kf3 Rh2 55. Be5 Rxh7 56. Rxh7 Kxh7 57. Kf4 Kg6 58. Bb2 1-0

[Event "Rajkot RCPA op 2nd"]
[Site "Rajkot"]
[Date "2019.08.14"]
[Round "2"]
[White "Praveen, Kumar C"]
[Black "Gautam, Siddhant"]
[Result "1-0"]
[WhiteElo "2205"]
[BlackElo "1351"]
[PlyCount "57"]
[EventDate "2019.08.13"]
[EventType "swiss"]
[EventRounds "10"]
[EventCountry "IND"]
[SourceTitle "EXT 2021"]
[Source "ChessBase"]
[SourceDate "2020.10.23"]
[SourceVersion "1"]
[SourceVersionDate "2020.10.23"]
[SourceQuality "1"]

1. d4 Nf6 2. c4 e6 3. g3 d5 4. Nf3 b6 5. Bg2 Ba6 6. Nbd2 c6 7. Qc2 Nbd7 8. 0-0 Bd6 9. b3 0-0 10. e4 dxe4 11. Nxe4 Nxe4 12. Qxe4 Qc7 13. Bb2 Nf6 14. Qc2 Rfe8 15. Rfe1 Rac8 16. Rad1 Nd7 17. Ng5 Nf8 18. Ne4 Rcd8 19. Nxd6 Qxd6 20. c5 bxc5 21. dxc5 Qc7 22. Be5 Rxd1 23. Qxd1 Qa5 24. Qa1 Rc8 25. Bxg7 Qxc5 26. Bh6 f6 27. Qxf6 Rc7 28. Rc1 Qb6 29. Qxf8# 1-0

[Event "Rajkot RCPA op 2nd"]
[Site "Rajkot"]
[Date "2019.08.14"]
[Round "3"]
[White "Swayham, P Das"]
[Black "Praveen, Kumar C"]
[Result "0-1"]
[WhiteElo "1576"]
[BlackElo "2205"]
[PlyCount "120"]
[EventDate "2019.08.13"]
[EventType "swiss"]
[EventRounds "10"]
[EventCountry "IND"]
[SourceTitle "EXT 2021"]
[Source "ChessBase"]
[SourceDate "2020.10.23"]
[SourceVersion "1"]
[SourceVersionDate "2020.10.23"]
[SourceQuality "1"]

1. e4 e6 2. d3 d5 3. Nd2 Nf6 4. g3 Bc5 5. Bg2 0-0 6. Ngf3 Nc6 7. 0-0 dxe4 8. dxe4 e5 9. Qe2 a5 10. Nb3 Bd6 11. a4 b6 12. Rd1 Qe7 13. Nh4 h6 14. Be3 Re8 15. Nf5 Bxf5 16. exf5 e4 17. c3 Rad8 18. Nd4 Nxd4 19. cxd4 Qd7 20. Bh3 Qc6 21. Kh1 Qd5 22. Rg1 Nh7 23. Qg4 Kh8 24. Rge1 Be7 25. Rad1 Bg5 26. Kg1 Qb3 27. Rc1 Nf6 28. Qd1 Qxd1 29. Rcxd1 Nd5 30. Bxg5 hxg5 31. Bg2 Nf6 32. h3 Re7 33. Re2 Kg8 34. Kf1 Kf8 35. Bh1 Rd5 36. g4 c5 37. f3 e3 38. Rd3 Rxd4 39. Rexe3 Rxe3 40. Rxe3 Nd5 41. Re1 Nf4 42. b3 Rd3 43. Rb1 Ke7 44. Kg1 Rd2 45. Re1+ Kf6 46. Kf1 Nxh3 47. Re2 Rxe2 48. Kxe2 Nf4+ 49. Kd2 Ke5 50. Ke3 Kd5 51. Kf2 Kd4 52. Bg2 Nxg2 53. Kxg2 Kc3 54. f4 gxf4 55. Kf3 Kxb3 56. Kxf4 c4 57. g5 c3 58. g6 fxg6 59. fxg6 c2 60. Kg4 c1Q 0-1

[Event "Rajkot RCPA op 2nd"]
[Site "Rajkot"]
[Date "2019.08.13"]
[Round "1"]
[White "Godhani, Maharth"]
[Black "Praveen, Kumar C"]
[Result "0-1"]
[WhiteElo "1196"]
[BlackElo "2205"]
[PlyCount "102"]
[EventDate "2019.08.13"]
[EventType "swiss"]
[EventRounds "10"]
[EventCountry "IND"]
[SourceTitle "EXT 2021"]
[Source "ChessBase"]
[SourceDate "2020.10.23"]
[SourceVersion "1"]
[SourceVersionDate "2020.10.23"]
[SourceQuality "1"]

1. e4 e6 2. d4 d5 3. Nc3 Bb4 4. Bd3 c5 5. exd5 Qxd5 6. Bd2 Bxc3 7. Bxc3 Qxg2 8. Qf3 Qxf3 9. Nxf3 cxd4 10. Bxd4 f6 11. Rg1 Kf7 12. 0-0-0 Nc6 13. Bc3 Nge7 14. Rg3 Nd5 15. Rdg1 g6 16. Bd2 e5 17. h4 Be6 18. a3 Nf4 19. Bxf4 exf4 20. R3g2 Bd5 21. h5 Bxf3 22. hxg6+ hxg6 23. Rxg6 Ne5 24. Rg7+ Ke6 25. Bh7 Rad8 26. Bg8+ Kd6 27. Bb3 Rh1 28. Rxh1 Bxh1 29. Rg1 Rh8 30. Rd1+ Kc7 31. Rd4 Rh4 32. Kd1 Bc6 33. c3 Nf3 34. Rb4 b5 35. c4 a5 36. cxb5 axb4 37. bxc6 bxa3 38. bxa3 Rh1+ 39. Ke2 Nd4+ 40. Kd3 Nxb3 41. Kc3 Rh3+ 42. Kc4 Na5+ 43. Kc5 Rxa3 44. Kb4 Ra2 45. Kc5 Rxf2 46. Kb5 f3 47. Kxa5 Rb2 48. Ka4 f2 49. Ka3 Rb6 50. Ka2 f1Q 51. Ka3 Qa1# 0-1

[Event "Dubai op 21st"]
[Site "Dubai"]
[Date "2019.04.02"]
[Round "2"]
[White "Praveen, Kumar C"]
[Black "Darini, Pouria"]
[Result "0-1"]
[WhiteElo "2243"]
[BlackElo "2474"]
[PlyCount "66"]
[EventDate "2019.04.01"]
[EventType "swiss"]
[EventRounds "9"]
[EventCountry "UAE"]
[SourceTitle "CBM 189 Extra"]
[Source "ChessBase"]
[SourceDate "2019.06.03"]
[SourceVersion "1"]
[SourceVersionDate "2019.06.03"]
[SourceQuality "1"]

1. d4 Nf6 2. c4 g6 3. g3 Bg7 4. Bg2 d5 5. cxd5 Nxd5 6. Nf3 0-0 7. 0-0 c5 8. e4 Nf6 9. e5 Nd5 10. Nc3 Nxc3 11. bxc3 cxd4 12. cxd4 Be6 13. Ng5 Bd5 14. Ne4 Nc6 15. Be3 Rc8 16. Qa4 b6 17. Rfc1 Qd7 18. Qb5 Rcd8 19. Qd3 Bxe4 20. Qxe4 Nxd4 21. Rd1 Ne2+ 22. Kh1 Qxd1+ 23. Rxd1 Rxd1+ 24. Bf1 Rxf1+ 25. Kg2 Rg1+ 26. Kh3 Nc3 27. Qd4 Nd1 28. Bf4 e6 29. f3 Rf1 30. Qd2 Rc8 31. Qe2 Rg1 32. Qd2 Nc3 33. Qd7 Rf8 0-1

[Event "Sharjah Masters 3rd"]
[Site "Sharjah"]
[Date "2019.03.26"]
[Round "5"]
[White "Praveen, Kumar C"]
[Black "Vignesh, NR."]
[Result "0-1"]
[WhiteElo "2243"]
[BlackElo "2476"]
[PlyCount "84"]
[EventDate "2019.03.22"]
[EventType "swiss"]
[EventRounds "9"]
[EventCountry "UAE"]
[SourceTitle "CBM 189 Extra"]
[Source "ChessBase"]
[SourceDate "2019.06.03"]
[SourceVersion "1"]
[SourceVersionDate "2019.06.03"]
[SourceQuality "1"]

1. d4 Nf6 2. c4 e6 3. Nc3 Bb4 4. f3 d5 5. a3 Bxc3+ 6. bxc3 0-0 7. cxd5 exd5 8. e3 Bf5 9. Ne2 h5 10. Ng3 Bh7 11. Bd3 Bxd3 12. Qxd3 Re8 13. 0-0 c5 14. Rb1 b6 15. e4 c4 16. Qd1 h4 17. Nf5 dxe4 18. fxe4 Rxe4 19. Bg5 Nbd7 20. Qf3 Qf8 21. Bxh4 Rae8 22. Rb5 g6 23. Bxf6 Nxf6 24. Ng3 R4e6 25. a4 Ne4 26. Nxe4 Rxe4 27. Rg5 Qe7 28. Rg3 Re1 29. h3 Kg7 30. Rxe1 Qxe1+ 31. Kh2 Qc1 32. Rg4 Re1 33. Rf4 f5 34. Qb7+ Kh6 35. Qf3 Rh1+ 36. Kg3 Qe1+ 37. Qf2 Qxc3+ 38. Rf3 Qc1 39. Rf4 c3 40. Qe2 Qe1+ 41. Rf2 Qxe2 42. Rxe2 Rd1 0-1

[Event "Ho Chi Minh City HD Bank op 9th"]
[Site "Ho Chi Minh City"]
[Date "2019.03.09"]
[Round "4"]
[White "Dang, Hoang Son"]
[Black "Praveen, Kumar C"]
[Result "1/2-1/2"]
[WhiteElo "2385"]
[BlackElo "2243"]
[PlyCount "75"]
[EventDate "2019.03.07"]
[EventType "swiss"]
[EventRounds "9"]
[EventCountry "VIE"]
[SourceTitle "CBM 189 Extra"]
[Source "ChessBase"]
[SourceDate "2019.06.03"]
[SourceVersion "1"]
[SourceVersionDate "2019.06.03"]
[SourceQuality "1"]

1. d4 d5 2. c4 c6 3. cxd5 cxd5 4. Bf4 Nc6 5. Nc3 a6 6. Rc1 Nf6 7. Nf3 g6 8. e3 Bg7 9. h3 Bf5 10. Qb3 Na5 11. Qb4 0-0 12. g4 Be6 13. Na4 Nc4 14. Nc5 b5 15. b3 Nd6 16. Nxe6 fxe6 17. Bd3 Nfe4 18. Bxe4 Nxe4 19. Ng5 Nxg5 20. Bxg5 Rf7 21. Bf4 Qb6 22. Bg3 Raf8 23. 0-0 h5 24. a4 Bf6 25. a5 Qd8 26. Rc6 h4 27. Be5 Qd7 28. Rxa6 Bxe5 29. dxe5 Qc8 30. Rb6 Qc2 31. Qe1 Rf3 32. Qb1 Qxb1 33. Rxb1 Rxf2 34. a6 R8f3 35. Ra1 Rb2 36. a7 Rg3+ 37. Kf1 Rf3+ 38. Kg1 1/2-1/2

[Event "Moscow Aeroflot op-B 17th"]
[Site "Moscow"]
[Date "2018.02.25"]
[Round "6"]
[White "Wagner, Dinara"]
[Black "Praveen, Kumar C"]
[Result "1-0"]
[WhiteElo "2294"]
[BlackElo "2228"]
[PlyCount "75"]
[EventDate "2018.02.20"]
[EventType "swiss"]
[EventRounds "9"]
[EventCountry "RUS"]
[SourceTitle "CBM 183 Extra"]
[Source "ChessBase"]
[SourceDate "2018.04.19"]
[SourceVersion "1"]
[SourceVersionDate "2018.04.19"]
[SourceQuality "1"]

1. Nf3 e6 2. c4 f5 3. g3 Nf6 4. Bg2 d6 5. d4 Be7 6. 0-0 0-0 7. b3 Qe8 8. Bb2 Nc6 9. Nc3 e5 10. dxe5 dxe5 11. Nd5 Bd8 12. Nxf6+ Bxf6 13. e4 f4 14. gxf4 Bg4 15. Qd5+ Kh8 16. Nxe5 Bxe5 17. Bxe5 Rd8 18. Qc5 b6 19. Qe3 Nxe5 20. fxe5 Qxe5 21. Qg3 Qh5 22. f3 Be6 23. Qxc7 Rd2 24. Rad1 Rxa2 25. Qd6 Rf6 26. Rd2 Bg8 27. Qd4 Qa5 28. Rfd1 Ra3 29. Rd3 Ra2 30. Qe3 Qe5 31. Rd8 Rh6 32. f4 Qh5 33. h3 Rg6 34. R1d2 Rxd2 35. Rxd2 Qh4 36. Kh2 Qe7 37. e5 Qe6 38. Rf2 1-0

[Event "Moscow Aeroflot op-B 17th"]
[Site "Moscow"]
[Date "2018.02.20"]
[Round "1"]
[White "Morchiashvili, Bachana"]
[Black "Praveen, Kumar C"]
[Result "1-0"]
[WhiteElo "2393"]
[BlackElo "2228"]
[PlyCount "93"]
[EventDate "2018.02.20"]
[EventType "swiss"]
[EventRounds "9"]
[EventCountry "RUS"]
[SourceTitle "CBM 183 Extra"]
[Source "ChessBase"]
[SourceDate "2018.04.19"]
[SourceVersion "1"]
[SourceVersionDate "2018.04.19"]
[SourceQuality "1"]

1. d4 e6 2. Nf3 Nf6 3. e3 c5 4. c4 b6 5. Nc3 cxd4 6. exd4 d6 7. Bd3 Bb7 8. 0-0 Nbd7 9. d5 e5 10. Ng5 Be7 11. f4 h6 12. Nge4 0-0 13. Ng3 Re8 14. Qf3 Bf8 15. Bd2 a6 16. a4 exf4 17. Bxf4 g5 18. Bd2 Ne5 19. Qxf6 Qxf6 20. Rxf6 Nxd3 21. Nf5 Nxb2 22. Nxh6+ Bxh6 23. Rxh6 Re5 24. Ne4 Rxe4 25. Bc3 Rh4 26. Rxh4 gxh4 27. Bxb2 Re8 28. Rd1 Re4 29. Rd4 Rxd4 30. Bxd4 b5 31. axb5 axb5 32. cxb5 h3 33. gxh3 Kh7 34. Be5 Kg6 35. Bxd6 Kf5 36. Kf2 Bxd5 37. Kg3 Bb7 38. h4 Bc8 39. Bc7 Kg6 40. Kf4 Kh5 41. Bd8 Bb7 42. b6 Bg2 43. Ke5 Kg4 44. Bf6 Bb7 45. Kd6 Kf5 46. Ke7 Bd5 47. h5 1-0

[Event "Trichy Pro Chess op 1st"]
[Site "Trichy"]
[Date "2017.11.19"]
[Round "7"]
[White "Praveen, Kumar C"]
[Black "Senthil, Maran K"]
[Result "0-1"]
[WhiteElo "2266"]
[BlackElo "2167"]
[PlyCount "84"]
[EventDate "2017.11.16"]
[EventType "swiss"]
[EventRounds "8"]
[EventCountry "IND"]
[SourceTitle "EXT 2019"]
[Source "ChessBase"]
[SourceDate "2018.10.10"]
[SourceVersion "1"]
[SourceVersionDate "2018.10.10"]
[SourceQuality "1"]

1. d4 Nf6 2. c4 e6 3. Nc3 Bb4 4. e3 d5 5. Nge2 dxc4 6. a3 Be7 7. e4 0-0 8. Nf4 Nc6 9. e5 Nd5 10. Ncxd5 Qxd5 11. Be3 Rd8 12. Rc1 f5 13. Nh5 Nxd4 14. Qxd4 Qxd4 15. Bxd4 Rxd4 16. Rxc4 c5 17. Rxd4 cxd4 18. Bc4 Bd7 19. Ke2 Rc8 20. Kd3 Kf7 21. Nf4 b5 22. Bb3 Bxa3 23. Bxe6+ Bxe6 24. bxa3 Rc3+ 25. Kxd4 Rc4+ 26. Ke3 Re4+ 27. Kf3 g5 28. Nxe6 Kxe6 29. Rd1 Ra4 30. Rd3 Kxe5 31. Rb3 a6 32. h3 h5 33. g3 Re4 34. Kg2 Kd5 35. Rf3 Re5 36. h4 gxh4 37. gxh4 a5 38. Kg3 Ke6 39. Rc3 b4 40. axb4 axb4 41. Rc6+ Kd5 42. Rc8 Re4 0-1

[Event "Trichy Pro Chess op 1st"]
[Site "Trichy"]
[Date "2017.11.18"]
[Round "6"]
[White "Rajarishi, Karthi"]
[Black "Praveen, Kumar C"]
[Result "0-1"]
[WhiteElo "2046"]
[BlackElo "2266"]
[PlyCount "32"]
[EventDate "2017.11.16"]
[EventType "swiss"]
[EventRounds "8"]
[EventCountry "IND"]
[SourceTitle "EXT 2019"]
[Source "ChessBase"]
[SourceDate "2018.10.10"]
[SourceVersion "1"]
[SourceVersionDate "2018.10.10"]
[SourceQuality "1"]

1. d4 e6 2. c4 f5 3. Nc3 Nf6 4. Bg5 Be7 5. Bxf6 Bxf6 6. e4 0-0 7. Nf3 d6 8. Bd3 Nc6 9. Bc2 e5 10. d5 Nd4 11. Nxd4 exd4 12. Ne2 fxe4 13. Bxe4 Be5 14. Qd3 b6 15. 0-0 h6 16. Nxd4 Bg4 0-1